Municipalities of Basilicata (with a map) - Statistics

General Stats
  • This quiz has been taken 304 times
  • The average score is 39 of 131
Answers on the Map
Answers color-coded by a green-red scale on the quiz's map according to % correct below.
 
Answer Stats
Comune % Correct
Potenza
96%
Matera
95%
Maratea
81%
Melfi
80%
Policoro
76%
Pisticci
63%
Lagonegro
62%
Lauria
62%
Bernalda
60%
Venosa
60%
Rionero in Vulture
58%
Ferrandina
57%
Avigliano
54%
Muro Lucano
52%
Tricarico
52%
Lavello
51%
Irsina
48%
Oppido Lucano
48%
Tursi
48%
Montescaglioso
47%
Balvano
43%
Scanzano Jonico
41%
Stigliano
40%
Tito
40%
Craco
39%
Barile
38%
Nova Siri
37%
Picerno
37%
Genzano di Lucania
35%
Castelmezzano
34%
Senise
34%
Pietrapertosa
33%
Pignola
33%
Acerenza
32%
Anzi
32%
Rotondella
32%
Tolve
32%
Viggiano
32%
Accettura
30%
Brienza
30%
Grassano
30%
Moliterno
30%
Montalbano Jonico
30%
Pomarico
30%
San Fele
30%
Viggianello
30%
Aliano
29%
Brindisi Montagna
29%
Grottole
29%
Pescopagano
29%
Bella
28%
Marsico Nuovo
28%
Marsicovetere
28%
Miglionico
28%
Rotonda
28%
Satriano di Lucania
28%
Atella
27%
Banzi
27%
Francavilla in Sinni
27%
Colobraro
26%
Rapolla
26%
Valsinni
26%
Abriola
25%
Calvello
25%
Castelluccio Inferiore
25%
Corleto Perticara
25%
Grumento Nova
25%
Montemurro
25%
Palazzo San Gervasio
25%
Rivello
25%
Salandra
25%
San Costantino Albanese
25%
Vaglio Basilicata
25%
Vietri di Potenza
25%
Castelluccio Superiore
24%
Filiano
24%
Ginestra
24%
Laurenzana
24%
Maschito
24%
Sarconi
24%
Baragiano
23%
Cirigliano
23%
Forenza
23%
Garaguso
23%
Nemoli
23%
San Giorgio Lucano
23%
San Mauro Forte
23%
Sant'Arcangelo
23%
Gorgoglione
22%
Paterno
22%
Pietragalla
22%
Ripacandida
22%
Ruvo del Monte
22%
Savoia di Lucania
22%
Latronico
21%
Montemilone
21%
Rapone
21%
Ruoti
21%
San Chirico Nuovo
21%
Tramutola
21%
Trecchina
21%
Cancellara
20%
Castelgrande
20%
Castelsaraceno
20%
Guardia Perticara
20%
Spinoso
20%
Trivigno
20%
Albano di Lucania
19%
San Chirico Raparo
19%
Sasso di Castalda
18%
Campomaggiore
17%
Chiaromonte
17%
San Paolo Albanese
17%
Sant'Angelo Le Fratte
16%
Episcopia
15%
Missanello
15%
Terranova di Pollino
14%
Noepoli
13%
Calciano
12%
San Severino Lucano
12%
Armento
11%
Oliveto Lucano
10%
San Martino d'Agri
10%
Cersosimo
9%
Fardella
9%
Roccanova
9%
Gallicchio
8%
Calvera
7%
Carbone
7%
Teana
7%
Castronuovo di Sant'Andrea
5%
No matching quizzes found
Score Distribution
Percent of People with Each Score
Percentile by Number Answered
Your Score History
You have not taken this quiz